000 00528nam a22001817a 4500
005 20251108175335.0
008 250721s2015 xx 000 0 ara d
082 1 4 _a643/مزا
100 1 _aمزاهرة، أيمن سليمان
245 1 0 _aأساسيات تأثيث المنزل و تجهيزه /
264 1 _aعمان :
_bمكتبة المجتمع العربي،
_c2015.
300 _a246ص.
650 1 7 _aالمنزل
650 1 7 _aالتصميم
650 1 7 _aالاثاث
942 _2ddc
_cBK
999 _c131828
_d131828